Η Αφρική και οι ανθρωπολογίες της : αποικιακές και μετά-αποικιακές εθνογραφίες

Αποθηκεύτηκε σε:
Λεπτομέρειες βιβλιογραφικής εγγραφής
Κύριος συγγραφέας: Τσεκένης, Αιμίλιος
Μορφή: Βιβλίο
Γλώσσα:Greek
Δημοσίευση: Αθήνα : Πατάκης, c2020.
Σειρά:Ανθρωπολογικοί ορίζοντες (Πατάκης)
Θέματα:
Ετικέτες: Προσθήκη ετικέτας
Δεν υπάρχουν, Καταχωρήστε ετικέτα πρώτοι!

MARC

LEADER 00000cam a2200000 a 4500
001 1/123092
008 210531s2020####gr dab|||| |||| ||gre||
020 |a 9789601686639 
040 |a GR-MyUa  |b gre  |c GR-MyUa  |e AACR2 
041 0 |a gre 
082 7 |a 306.096  |2 (23) 
100 1 |a Τσεκένης, Αιμίλιος. 
245 1 2 |a Η Αφρική και οι ανθρωπολογίες της :   |b αποικιακές και μετά-αποικιακές εθνογραφίες /   |c Αιμίλιος Τσεκένης.  
260 |a Αθήνα :   |b Πατάκης,   |c c2020.  
300 |a 526 σ. :   |b εικ., χάρτες, σχ. ;   |c 23 εκ.  
490 1 |a (Ανθρωπολογικοί ορίζοντες)  
504 |a Περιλαμβάνει βιβλιογραφικές παραπομπές και ευρετήριο.  
650 0 |a Ethnology  |z Africa. 
830 0 |a Ανθρωπολογικοί ορίζοντες (Πατάκης) 
852 |a INST  |b LESVOS  |c EUDOXUS  |e 20210531  |h 306.096 ΤΣΕ  |p 005100063263  |q 005100063263  |t EDX  |y 0 
920 |a Εύδοξος  |b Παραγγελία  |y Λέσβος-ΤΚΑΙ  |z 2021-05 
970 |a Καμάτσου  |b Δέσποινα  |z 31-05-2021